000 00356nam a2200145 i 4500
001 bg
100 1 _aCZARNOWSKI, Maciej S.
245 0 _aZarys ekologii roślin lądowych /
_cMaciej S. Czarnowski.
260 _aWarszawa,
_c1978.
040 _cBPK
041 _apol
080 _a581.5(075.8)
942 _cKS
008 s pl f |000 0 pol
999 _c17868
_d17868
856 _uhttp://koha.tu.koszalin.pl/cgi-bin/koha/opac-detail.pl?biblionumber=17868
_yKatalog online BPK